000 00398nam a2200157Ia 4500
005 20250329100256.0
008 231217s9999 xx 000 0 und d
020 _a9788131419694
082 _a658.4 SAD;2 R1
100 _aSadagopan, Sowmyanarayanan.
245 0 _aE-Governance today
260 _c2008
_bIcfai
_aHyderabad
300 _axi, 302
650 _aE-Governance,today
942 _cAA
999 _c188616
_d188616